Právo na hotovosť z pohľadu slovenského a európskeho práva

Právo na hotovosť v kontexte výhrad Európskej centrálnej banky, publikovaných v jej stanovisku z 11. januára 2024 a možná odpoveď Slovenskej Republiky na tieto výhrady.

Saved in:
Bibliographic Details
Main Author: Winkler, Martin, 1975-
Format: Book Chapter
Language:Slovak
Subjects:
Tags: Add Tag
No Tags, Be the first to tag this record!

MARC

LEADER 00000naa$a2200000$$$4500
001 0305975
005 20250619110359.6
041 0 |a slo 
044 |a SK 
245 1 0 |a Právo na hotovosť z pohľadu slovenského a európskeho práva  |c Martin Winkler 
520 |a Právo na hotovosť v kontexte výhrad Európskej centrálnej banky, publikovaných v jej stanovisku z 11. januára 2024 a možná odpoveď Slovenskej Republiky na tieto výhrady. 
610 2 0 |a právo 
610 2 0 |a legislatíva 
610 2 0 |a zákony 
610 2 0 |a hotovosť 
610 2 0 |a Európska centrálna banka 
610 2 0 |a banky centrálne 
610 2 0 |a ústava 
610 2 0 |a charta 
100 1 |a Winkler, Martin, 1975-